[Event "BCF-chT2b 1920 (4NCL)"]
[Site "Daventry"]
[Date "2020.03.01"]
[Round "2.85"]
[White "Yoon, Jacob D"]
[Black "McMichael, Richard"]
[Result "1-0"]
[WhiteElo "2091"]
[BlackElo "2170"]
[PlyCount "105"]
[EventDate "2020.01.11"]
[EventType "team-tourn"]
[EventRounds "11"]
[EventCountry "ENG"]
[SourceTitle "CBM 195 Extra"]
[Source "ChessBase"]
[SourceDate "2020.05.31"]
[SourceVersion "1"]
[SourceVersionDate "2020.05.31"]
[SourceQuality "1"]
[WhiteTeam "KJCA Kings"]
[BlackTeam "Kings Head"]
[WhiteTeamCountry "ENG"]
[BlackTeamCountry "ENG"]

1. e4 e6 2. d4 d5 3. Nd2 dxe4 4. Nxe4 Bd7 5. Bd3 Bc6 6. Nf3 Nd7 7. 0-0 Ngf6 8. Ng3 Be7 9. b3 0-0 10. Bb2 Bxf3 11. Qxf3 c6 12. c4 Qa5 13. Bc3 Bb4 14. Bxb4 Qxb4 15. Rad1 Rfd8 16. Bb1 Nf8 17. Ne4 Nxe4 18. Qxe4 Rd7 19. Rd3 Rad8 20. Rfd1 b5 21. Rc1 c5 22. dxc5 Rxd3 23. Bxd3 Qd2 24. Qe3 Rxd3 25. Qxd2 Rxd2 26. cxb5 Rd8 27. a4 Ng6 28. a5 Ne7 29. b4 Kf8 30. b6 a6 31. b5 axb5 32. a6 Nc6 33. a7 Ke8 34. Kf1 Nxa7 35. bxa7 Ra8 36. c6 Kd8 37. Rd1+ Kc7 38. Rd7+ Kxc6 39. Rxf7 b4 40. Ke2 Kb6 41. Rxg7 Rxa7 42. Rxa7 Kxa7 43. Kd3 Kb6 44. Kc4 Ka5 45. Kb3 Kb5 46. h4 Kc5 47. h5 Kd5 48. Kxb4 h6 49. Kb5 Ke5 50. Kc5 Kf5 51. Kd6 Kf6 52. f4 Kf5 53. g3 1-0

[Event "BCF-chT3S 1819 (4NCL) Promotion pool"]
[Site "England"]
[Date "2019.05.06"]
[Round "11.25"]
[White "Way, Julian M"]
[Black "McMichael, Richard"]
[Result "1/2-1/2"]
[WhiteElo "1973"]
[BlackElo "2177"]
[PlyCount "79"]
[EventDate "2019.04.14"]
[EventType "team-tourn"]
[EventRounds "11"]
[EventCountry "ENG"]
[SourceTitle "EXT 2021"]
[Source "ChessBase"]
[SourceDate "2020.10.23"]
[SourceVersion "1"]
[SourceVersionDate "2020.10.23"]
[SourceQuality "1"]
[WhiteTeam "Surbiton"]
[BlackTeam "Kings Head"]
[WhiteTeamCountry "ENG"]
[BlackTeamCountry "ENG"]

1. c4 f5 2. Nc3 Nf6 3. g3 e5 4. Bg2 d6 5. e3 Be7 6. Nge2 0-0 7. 0-0 c6 8. d4 Na6 9. b3 e4 10. Ba3 d5 11. Bxe7 Qxe7 12. a3 Be6 13. c5 Bf7 14. Qd2 Nc7 15. b4 g5 16. a4 Ne6 17. b5 Nh5 18. a5 a6 19. bxc6 bxc6 20. Rab1 Nc7 21. Rb6 Qd7 22. Na2 Be8 23. f3 Nf6 24. Nb4 exf3 25. Bxf3 Qe6 26. Nc3 Ne4 27. Nxe4 fxe4 28. Be2 Rxf1+ 29. Bxf1 Bd7 30. Nxa6 Nxa6 31. Rxa6 Rf8 32. Rb6 Qf7 33. Qe1 h5 34. a6 Ra8 35. Rb7 Qe6 36. Qb4 Rf8 37. Rb8 Bc8 38. a7 Qf7 39. Qe1 Qxa7 40. Rb6 1/2-1/2

[Event "GBR-ch 105th"]
[Site "Hull"]
[Date "2018.08.04"]
[Round "8"]
[White "Jamroz, Krzysztof"]
[Black "McMichael, Richard"]
[Result "0-1"]
[WhiteElo "2026"]
[BlackElo "2245"]
[PlyCount "68"]
[EventDate "2018.07.28"]
[EventType "swiss"]
[EventRounds "9"]
[EventCountry "ENG"]
[SourceTitle "CBM 185 Extra"]
[Source "ChessBase"]
[SourceDate "2018.07.29"]
[SourceVersion "1"]
[SourceVersionDate "2018.07.29"]
[SourceQuality "1"]

1. e4 e6 2. d4 d5 3. Nd2 Nc6 4. Ngf3 Nf6 5. e5 Nd7 6. c3 f6 7. Bb5 Be7 8. exf6 Bxf6 9. 0-0 0-0 10. Re1 Re8 11. Nb3 a5 12. Bf4 Na7 13. Bd3 b6 14. Qc2 Nf8 15. a4 Bd7 16. h4 Re7 17. g4 Rf7 18. Bg3 g6 19. g5 Bg7 20. Ne5 Bxe5 21. Bxe5 Nc6 22. Bg3 Ne7 23. Qe2 Nf5 24. Kg2 Ra7 25. Nd2 c5 26. Nf3 Bc8 27. Ne5 cxd4 28. Nc6 Qd7 29. Nxa7 Qxa7 30. Bxf5 gxf5 31. cxd4 f4 32. Qc2 fxg3 33. Qxc8 Rxf2+ 34. Kxg3 Qf7 0-1

[Event "GBR-ch 105th"]
[Site "Hull"]
[Date "2018.08.01"]
[Round "5"]
[White "McMichael, Richard"]
[Black "Payne, Matthew"]
[Result "0-1"]
[WhiteElo "2245"]
[BlackElo "2113"]
[PlyCount "84"]
[EventDate "2018.07.28"]
[EventType "swiss"]
[EventRounds "9"]
[EventCountry "ENG"]
[SourceTitle "CBM 185 Extra"]
[Source "ChessBase"]
[SourceDate "2018.07.29"]
[SourceVersion "1"]
[SourceVersionDate "2018.07.29"]
[SourceQuality "1"]

1. b3 e5 2. Bb2 Nc6 3. e3 d5 4. Bb5 Bd6 5. f4 Qe7 6. Nf3 Bg4 7. fxe5 Bxe5 8. Bxe5 Bxf3 9. Qxf3 Qxe5 10. Bxc6+ bxc6 11. 0-0 Nf6 12. Nc3 0-0 13. Qf4 Qd6 14. Qh4 Rfe8 15. Rf4 Re5 16. Qf2 Rh5 17. h3 Rg5 18. Rf1 Qe6 19. Qf3 Rf8 20. Ra4 Nd7 21. Rxa7 Ne5 22. Qf4 h6 23. Rf2 Ng6 24. Qh2 Nh4 25. Kh1 Nf5 26. Ne2 Qe4 27. Qxc7 Qxc2 28. Qf4 Qxd2 29. e4 Qe1+ 30. Kh2 dxe4 31. Ng1 e3 32. Re2 Qd1 33. Ra5 Ng3 34. Rxg5 Nxe2 35. Rxg7+ Kxg7 36. Qg4+ Kh8 37. Nxe2 Rd8 38. h4 Qd6+ 39. g3 Rg8 40. Qf3 Qe6 41. Nd4 Qe5 42. Ne2 Rg6 0-1

[Event "GBR-ch 105th"]
[Site "Hull"]
[Date "2018.07.31"]
[Round "4"]
[White "Burke, Mitchell R"]
[Black "McMichael, Richard"]
[Result "1/2-1/2"]
[WhiteElo "1988"]
[BlackElo "2245"]
[PlyCount "127"]
[EventDate "2018.07.28"]
[EventType "swiss"]
[EventRounds "9"]
[EventCountry "ENG"]
[SourceTitle "CBM 185 Extra"]
[Source "ChessBase"]
[SourceDate "2018.07.29"]
[SourceVersion "1"]
[SourceVersionDate "2018.07.29"]
[SourceQuality "1"]

1. f4 b6 2. e4 Bb7 3. Nc3 e6 4. Nf3 Nf6 5. d3 Be7 6. g3 d5 7. e5 Ng8 8. Bg2 h5 9. Qe2 Nh6 10. Bh3 g6 11. 0-0 Qd7 12. Ng5 Nc6 13. Nd1 Nd4 14. Qg2 0-0-0 15. c3 Ndf5 16. Qe2 c5 17. Bg2 Kb8 18. Ne3 d4 19. Nxf5 gxf5 20. Bxb7 Qxb7 21. c4 h4 22. Qf3 hxg3 23. Qxg3 Bxg5 24. fxg5 Ng4 25. h3 Ne3 26. Bxe3 dxe3 27. Qxe3 Rh4 28. Rf3 Rhd4 29. b3 Qe7 30. Qd2 Rg8 31. Kh2 Rxg5 32. Rg1 Rxg1 33. Kxg1 Rd8 34. Rg3 Qh4 35. Qf2 f4 36. Rf3 Qg5+ 37. Kh1 Qxe5 38. Qh4 Rh8 39. Qxf4 Rxh3+ 40. Kg2 Qxf4 41. Rxf4 Rxd3 42. Rxf7 Rd2+ 43. Kf3 Rxa2 44. Ke4 Ra3 45. Ke5 Rxb3 46. Kd6 Rd3+ 47. Kc6 Rd8 48. Rb7+ Ka8 49. Re7 e5 50. Kb5 Kb8 51. Ka6 Kc8 52. Rxe5 Rd7 53. Re8+ Kc7 54. Kxa7 Rd4 55. Re7+ Kd6 56. Rh7 Rxc4 57. Kxb6 Rb4+ 58. Ka5 Kd5 59. Rh5+ Kc4 60. Rh4+ Kb3 61. Rh3+ Kc4 62. Rh4+ Kb3 63. Rh3+ Kb2 64. Rh5 1/2-1/2

[Event "GBR-ch 105th"]
[Site "Hull"]
[Date "2018.07.30"]
[Round "3"]
[White "McMichael, Richard"]
[Black "Houska, Jovanka"]
[Result "0-1"]
[WhiteElo "2245"]
[BlackElo "2406"]
[PlyCount "86"]
[EventDate "2018.07.28"]
[EventType "swiss"]
[EventRounds "9"]
[EventCountry "ENG"]
[SourceTitle "CBM 185 Extra"]
[Source "ChessBase"]
[SourceDate "2018.07.29"]
[SourceVersion "1"]
[SourceVersionDate "2018.07.29"]
[SourceQuality "1"]

1. e3 g6 2. f4 d5 3. Nf3 Bg7 4. c3 c5 5. d4 Qc7 6. Bd3 Nh6 7. 0-0 Bf5 8. Be2 0-0 9. h3 Bxb1 10. Rxb1 Nf5 11. Qe1 Nd7 12. Bd3 Nd6 13. g4 Nf6 14. Qg3 Nfe4 15. Qg2 f6 16. Nd2 Qc6 17. Nxe4 Nxe4 18. f5 e6 19. Bxe4 dxe4 20. Bd2 Rad8 21. Kh1 Kh8 22. fxg6 hxg6 23. Be1 e5 24. dxe5 fxe5 25. Bg3 Rf3 26. Rxf3 exf3 27. Qc2 Kh7 28. Rd1 c4 29. Kg1 Rd5 30. Kf2 e4 31. Rd4 Bxd4 32. cxd4 Rb5 33. Be5 Kg8 34. Kg3 Kf7 35. h4 Ke6 36. h5 gxh5 37. gxh5 Rxe5 38. dxe5 Qd5 39. Kf2 b5 40. Kg3 Qxe5+ 41. Kh4 Qf6+ 42. Kg4 Qf5+ 43. Kg3 Qg5+ 0-1

[Event "Ghent Taminco op 39th"]
[Site "Ghent"]
[Date "2016.07.19"]
[Round "8"]
[White "McMichael, Richard"]
[Black "Venkatesh, Marani Rajendran"]
[Result "0-1"]
[WhiteElo "2226"]
[BlackElo "2445"]
[PlyCount "82"]
[EventDate "2016.07.16"]
[EventType "swiss"]
[EventRounds "9"]
[EventCountry "BEL"]
[SourceTitle "CBM 173 Extra"]
[Source "ChessBase"]
[SourceDate "2016.08.29"]
[SourceVersion "1"]
[SourceVersionDate "2016.08.29"]
[SourceQuality "1"]

1. d4 Nf6 2. Nf3 g6 3. Bg5 Bg7 4. Nbd2 d6 5. e4 0-0 6. Bd3 Nc6 7. c3 e5 8. dxe5 Nxe5 9. Nxe5 dxe5 10. Qe2 h6 11. Be3 Nh5 12. g3 Be6 13. 0-0 Kh8 14. f3 Bh3 15. Rfe1 f5 16. exf5 gxf5 17. Kh1 b6 18. Bc2 Qf6 19. g4 fxg4 20. Qd3 Kg8 21. Bb3+ Kh8 22. Bc2 Kg8 23. Qh7+ Kf7 24. Bb3+ Ke8 25. Bd4 Qf5 26. Qxf5 Rxf5 27. fxg4 Bxg4 28. Be6 Rg5 29. Bxg4 Rxg4 30. Bxe5 Kd7 31. Bxg7 Rxg7 32. Re5 Nf4 33. Rf5 Nh3 34. Rf3 Ng5 35. Rf6 Re8 36. Rxh6 Re2 37. Rd1 Kc8 38. Nc4 Ne4 39. Rh8+ Kb7 40. Rf8 Nf2+ 41. Rxf2 Rxf2 0-1

[Event "BCF-chT2c 1516 (4NCL)"]
[Site "England"]
[Date "2016.03.20"]
[Round "8.233"]
[White "McMichael, Richard"]
[Black "Talsma, Paul"]
[Result "1-0"]
[WhiteElo "2224"]
[BlackElo "2237"]
[PlyCount "126"]
[EventDate "2015.11.14"]
[EventType "team-swiss"]
[EventRounds "11"]
[EventCountry "ENG"]
[SourceTitle "EXT 2017"]
[Source "ChessBase"]
[SourceDate "2016.10.25"]
[SourceVersion "1"]
[SourceVersionDate "2016.10.25"]
[SourceQuality "1"]
[WhiteTeam "Kings Head"]
[BlackTeam "Anglian Avengers"]
[WhiteTeamCountry "ENG"]
[BlackTeamCountry "ENG"]

1. b3 e5 2. Bb2 d6 3. e3 f5 4. d4 e4 5. c4 Nf6 6. Nc3 c6 7. d5 Be7 8. Nh3 0-0 9. Nf4 Na6 10. Be2 Nc7 11. h4 Rb8 12. h5 Bd7 13. Qd2 a6 14. dxc6 bxc6 15. 0-0-0 Ne6 16. g3 Nc5 17. Kb1 a5 18. Ba3 Qb6 19. Ka1 Ne8 20. g4 Bf6 21. Rb1 fxg4 22. Rhg1 Rf7 23. Rb2 Kh8 24. Bxg4 Bxg4 25. Rxg4 Nc7 26. h6 Ne8 27. Kb1 Be5 28. hxg7+ Rxg7 29. Rxg7 Nxg7 30. b4 axb4 31. Bxb4 Qc7 32. Bxc5 dxc5 33. Rxb8+ Qxb8+ 34. Kc2 Qe8 35. Nfe2 Bc7 36. Ng3 Bxg3 37. fxg3 Qe7 38. a4 Nf5 39. Qf2 Nd6 40. Kb3 Qb7+ 41. Kc2 Qe7 42. Qf4 Nxc4 43. Nxe4 Nb6 44. Nc3 Nd5 45. Nxd5 cxd5 46. a5 Kg7 47. a6 d4 48. Qg4+ Kf7 49. Qf3+ Kg6 50. Qg4+ Kf7 51. Qh4 Qe6 52. Qxh7+ Kf8 53. a7 Qc4+ 54. Kd2 Qc3+ 55. Kd1 Qb3+ 56. Qc2 Qd5 57. exd4 Qxd4+ 58. Ke2 Qe5+ 59. Kf2 Qd4+ 60. Kg2 Qd5+ 61. Kh2 Qh5+ 62. Kg1 Qd5 63. Qg2 Qd4+ 1-0

[Event "Ghent Taminco op 38th"]
[Site "Ghent"]
[Date "2015.07.20"]
[Round "5"]
[White "McMichael, Richard"]
[Black "Dgebuadze, Alexandre"]
[Result "0-1"]
[WhiteElo "2207"]
[BlackElo "2490"]
[PlyCount "70"]
[EventDate "2015.07.18"]
[EventType "swiss"]
[EventRounds "9"]
[EventCountry "BEL"]
[SourceTitle "CBM 167 Extra"]
[Source "ChessBase"]
[SourceDate "2015.09.14"]
[SourceVersion "1"]
[SourceVersionDate "2015.09.14"]
[SourceQuality "1"]

1. b3 e5 2. Bb2 Nc6 3. e3 d6 4. Nf3 Nf6 5. d4 e4 6. Nfd2 Bg4 7. Be2 Bxe2 8. Qxe2 d5 9. 0-0 Nb4 10. Rc1 c6 11. a3 Na6 12. c4 Nc7 13. Nc3 Bd6 14. a4 0-0 15. a5 Na6 16. Ba3 Bxa3 17. Rxa3 Nb4 18. c5 Ne8 19. Na2 Nd3 20. Rf1 Nc7 21. b4 f5 22. f4 g5 23. fxg5 Qxg5 24. Nc1 Nxc1 25. Rxc1 Nb5 26. Raa1 f4 27. exf4 Rxf4 28. a6 bxa6 29. Kh1 Nxd4 30. Qe3 Raf8 31. Qxd4 Rf2 32. Rg1 Rxd2 33. Qc3 e3 34. Rxa6 Rxg2 35. Raa1 Rff2 0-1

[Event "Ghent Taminco op 38th"]
[Site "Ghent"]
[Date "2015.07.19"]
[Round "4"]
[White "Van Leerdam, Robin"]
[Black "McMichael, Richard"]
[Result "0-1"]
[WhiteElo "2061"]
[BlackElo "2207"]
[PlyCount "54"]
[EventDate "2015.07.18"]
[EventType "swiss"]
[EventRounds "9"]
[EventCountry "BEL"]
[SourceTitle "CBM 167 Extra"]
[Source "ChessBase"]
[SourceDate "2015.09.14"]
[SourceVersion "1"]
[SourceVersionDate "2015.09.14"]
[SourceQuality "1"]

1. e4 e6 2. d4 d5 3. Nd2 Nc6 4. Ngf3 Nf6 5. e5 Nd7 6. Bb5 f6 7. exf6 Qxf6 8. Nb3 Bd6 9. 0-0 h6 10. Be3 0-0 11. c3 Kh8 12. Qd2 e5 13. dxe5 Ndxe5 14. Nxe5 Nxe5 15. Be2 Nc4 16. Bxc4 dxc4 17. Nd4 Bd7 18. Rad1 Rad8 19. Ne2 Ba4 20. Bd4 Qg6 21. b3 cxb3 22. axb3 Bxb3 23. Rb1 Bc4 24. Rbd1 c5 25. Be3 Bxh2+ 26. Kxh2 Rxd2 27. Rxd2 Bxe2 0-1

[Event "BCF-chT2b 1415 (4NCL)"]
[Site "England"]
[Date "2015.01.10"]
[Round "3.252"]
[White "Berry, Neil"]
[Black "McMichael, Richard"]
[Result "1-0"]
[WhiteElo "2225"]
[BlackElo "2176"]
[PlyCount "89"]
[EventDate "2014.11.15"]
[EventType "team-tourn"]
[EventRounds "7"]
[EventCountry "ENG"]
[SourceTitle "EXT 2016"]
[Source "ChessBase"]
[SourceDate "2015.10.08"]
[SourceVersion "1"]
[SourceVersionDate "2015.10.08"]
[SourceQuality "1"]
[WhiteTeam "Barbican Youth"]
[BlackTeam "Kings Head"]
[WhiteTeamCountry "ENG"]
[BlackTeamCountry "ENG"]

1. d4 e6 2. e4 d5 3. Nc3 Bb4 4. e5 c5 5. a3 Ba5 6. b4 cxd4 7. Qg4 Ne7 8. bxa5 dxc3 9. Qxg7 Rg8 10. Qxh7 Qc7 11. Nf3 Nbc6 12. Bf4 Bd7 13. a6 b6 14. Bg3 0-0-0 15. Bd3 Rdf8 16. 0-0 Ng6 17. Rfe1 Be8 18. Qh6 Kb8 19. Rab1 Bd7 20. Qe3 Rc8 21. Rb5 Nge7 22. Reb1 Ka8 23. a4 Rb8 24. h4 Rg4 25. R5b3 Na5 26. Rb4 Nc4 27. Qe2 Qc5 28. Bxc4 dxc4 29. Ng5 Rxg3 30. Rxc4 Rxg2+ 31. Kxg2 Bc6+ 32. Kf1 Qd5 33. Qe4 Qd7 34. Rxc6 Nxc6 35. Rb3 Rc8 36. Rxc3 Kb8 37. Rd3 Qc7 38. Rc3 Qd7 39. Rd3 Qc7 40. Rd6 Na5 41. Rd4 Rh8 42. Qd3 Nc6 43. Rc4 Kc8 44. Qe4 Kd7 45. Nf3 1-0

[Event "BCF-chT1a 1314 (4NCL)"]
[Site "England"]
[Date "2014.01.12"]
[Round "4.142"]
[White "Tan, Justin Hy"]
[Black "McMichael, Richard"]
[Result "1-0"]
[WhiteElo "2239"]
[BlackElo "2224"]
[PlyCount "93"]
[EventDate "2013.11.16"]
[EventType "team-tourn"]
[EventRounds "7"]
[EventCountry "ENG"]
[SourceTitle "EXT 2015"]
[Source "ChessBase"]
[SourceDate "2014.11.20"]
[SourceVersion "1"]
[SourceVersionDate "2014.11.20"]
[SourceQuality "1"]
[WhiteTeam "Oxford"]
[BlackTeam "Kings Head"]
[WhiteTeamCountry "ENG"]
[BlackTeamCountry "ENG"]

1. e4 e6 2. d4 d5 3. Nc3 dxe4 4. Nxe4 Bd7 5. Nf3 Bc6 6. Bd3 Nd7 7. 0-0 Ngf6 8. Ng3 Be7 9. Re1 0-0 10. c3 Re8 11. Bc2 Bxf3 12. Qxf3 c6 13. Bf4 Nf8 14. Rad1 Ng6 15. Bc1 Qd5 16. Qxd5 cxd5 17. f3 b5 18. Bd2 Rec8 19. Bd3 Rab8 20. b4 Bd6 21. Ne2 Nd7 22. Ra1 Rc7 23. a4 bxa4 24. Rxa4 Ne7 25. Rea1 Nc8 26. Nc1 Ndb6 27. Ra6 Nc4 28. Be1 Rb6 29. R6a2 Kf8 30. Nb3 h6 31. Nc5 Ke7 32. Bf2 Rbc6 33. Bxc4 dxc4 34. Ne4 Rb7 35. Ra5 f5 36. Nc5 Rbc7 37. Nxe6 Bxh2+ 38. Kxh2 Rxe6 39. Rxf5 Rd7 40. d5 Rf6 41. Bc5+ Kf7 42. Re5 Nb6 43. d6 Nc8 44. Ra6 Re6 45. Rd5 g5 46. Rc6 Ne7 47. dxe7 1-0

[Event "BCF-chT2c 1213 (4NCL) Promotion pool"]
[Site "England"]
[Date "2013.05.05"]
[Round "10.22"]
[White "McMichael, Richard"]
[Black "Polaczek, Richard"]
[Result "1/2-1/2"]
[WhiteElo "2248"]
[BlackElo "2396"]
[PlyCount "86"]
[EventDate "2012.11.13"]
[EventType "team-tourn"]
[EventRounds "4"]
[EventCountry "ENG"]
[SourceTitle "EXT 2014"]
[Source "ChessBase"]
[SourceDate "2013.11.20"]
[SourceVersion "1"]
[SourceVersionDate "2013.11.20"]
[SourceQuality "1"]
[WhiteTeam "Kings Head"]
[BlackTeam "Grantham Pandora's Box"]
[WhiteTeamCountry "ENG"]
[BlackTeamCountry "ENG"]

1. d4 Nf6 2. Nf3 e6 3. Bg5 c5 4. e3 d5 5. Nbd2 Nc6 6. c3 Be7 7. Bd3 a6 8. 0-0 b6 9. Ne5 Nxe5 10. dxe5 Nd7 11. Bxe7 Qxe7 12. f4 Bb7 13. Qe2 b5 14. Nf3 h6 15. Rf2 g5 16. a4 b4 17. cxb4 g4 18. Nd2 c4 19. Bc2 Qxb4 20. Rb1 h5 21. b3 c3 22. Nc4 dxc4 23. bxc4 Qa5 24. Rxb7 Nc5 25. Rb1 0-0-0 26. Rd1 Rxd1+ 27. Qxd1 Rd8 28. Qb1 Kc7 29. f5 Rd2 30. fxe6 fxe6 31. Rxd2 cxd2 32. Qa1 Nd7 33. Qd4 Nxe5 34. Kf2 Nc6 35. Qg7+ Kb6 36. Ke2 Qb4 37. Qd7 Qxc4+ 38. Kxd2 Qf1 39. Be4 Qf2+ 40. Kd1 Qf1+ 41. Kd2 Qf2+ 42. Kd1 Qf1+ 43. Kd2 Qf2+ 1/2-1/2